Major & Minor Teams That Start With F - Statistics

General Stats
  • This quiz has been taken 13 times
  • The average score is 9 of 25
Answer Stats
NCAA % Correct
FIU Panthers
100%
Florida Gators
100%
Florida Panthers
100%
Florida State Seminoles
92%
Fresno State Bulldogs
67%
Florida Atlantic Owls
58%
Fordham Rams
50%
Florida A&M Rattlers
33%
Florida Gulf Coast Eagles
33%
FC Dallas
25%
Fort Wayne Mad Ants
25%
Fulham
25%
Furman Paladins
25%
Fairfield Stags
17%
Fairleigh Dickinson Knights
17%
FC Cincinnati
17%
Flint Firebirds
17%
Florida Everblades
17%
Fort Wayne Komets
17%
Frisco RoughRiders
17%
Fayetteville Woodpeckers
8%
Fort Myers Mighty Mussels
8%
Fort Wayne TinCaps
8%
Fredericksburg Nationals
8%
Fresno Grizzlies
8%
No matching quizzes found
Score Distribution
Percent of People with Each Score
Percentile by Number Answered
Your Score History
You have not taken this quiz